| 000 | 00860aam a2200313 4500 | ||
|---|---|---|---|
| 005 | 20240503120835.0 | ||
| 008 | 150526b2010 xxu||||| |||| 00| 0 spa d | ||
| 020 | _a9789972209826 | ||
| 041 | _aESP | ||
| 082 | _a500.078 T149t | ||
| 245 | _aTaller de laboratorio: 100 experimentos de biología, fisica y quimica | ||
| 260 | _aEspaña | ||
| 260 | _bLexus | ||
| 260 | _c2010 | ||
| 300 | _a318 páginas | ||
| 505 | _aContiene disco compacto N° 544 | ||
| 650 | _aEXPERIMENTOS | ||
| 650 | _aBIOLOGÍA | ||
| 650 | _aSERES VIVOS | ||
| 650 | _aPRESERVACIÓN DE LOS RECURSOS NATURALES | ||
| 650 | _aCONSERVACIÓN DE LOS RECURSOS NATURALES | ||
| 650 | _aHERENCIA BIOLÓGICA | ||
| 650 | _aELECTRICIDAD | ||
| 650 | _aMAGNETISMO | ||
| 650 | _aCIRCUITO ELÉCTRICO | ||
| 650 | _aTEMPERATURA | ||
| 650 | _aPROPAGACIÓN DE LA LUZ | ||
| 942 |
_cBK _2ddc |
||
| 999 |
_c2261 _d2261 |
||